000 01082cam a22002773a 4500
001 2274
003 PGUSA
005 20140828083012.0
008 000801s2000||||xxu|||||s|||||000 | eng d
040 _aPGUSA
_beng
042 _adc
050 4 _aBJ
100 1 _aBennett, Arnold,
_d1867-1931
245 1 0 _aHow to Live on 24 Hours a Day
_h[electronic resource] /
_cArnold Bennett
260 _bProject Gutenberg,
_c2000
505 0 _aPreface -- The daily miracle -- The desire to exceed one's programme -- Precautions before beginning -- The cause of the trouble -- Tennis and the immortal soul -- Remember human nature -- Controlling the mind -- The reflective mood -- Interest in the arts -- Nothing in life is humdrum -- Serious reading -- Dangers to avoid.
506 _aPublic domain in the USA.
516 _aElectronic text
653 _aValues
653 _aTime management
653 _aConduct of life
740 0 _aHow to live on twenty-four hours a day
830 0 _aProject Gutenberg
_v2274
856 4 0 _uhttp://www.gutenberg.org/ebooks/2274
942 _cEB
999 _c231611
_d231611